000 00751nam a2200229Ia 4500
003 GCL
008 140319s9999 xx 000 0 ara d
040 _aGCL /
_cGCL
082 0 4 _a658.15
_bن ف
100 1 _aنبيل عبدالسلام شاكر
245 1 0 _aالفشل المالى للمشروعات, التشخيص, التنبؤ, العلاج, منهج تحليلى /
_cنبيل عبدالسلام شاكر
260 _a[S.N] :
_bمكتبة النهضة العربية ،
_c1989
300 _a224 ص
490 _a
650 0 4 _aطرق البحث
650 0 4 _aالاستثمار
650 0 4 _aالادارة
650 0 4 _aالمشروعات
650 0 4 _aاتخاذ القرارات
650 0 4 _aالخسائر
942 _2ddc
_cBK
999 _c37123
_d37123